| Tag |
First Indicator |
Second Indicator |
Subfields |
| LEADER |
00000cam a2200000 a 4500 |
| 001 |
in00001497521 |
| 005 |
20151021082447.0 |
| 007 |
hd afa014baca |
| 008 |
970719s1982 dcu a f000 0 eng d |
| 035 |
|
|
|a (OCoLC)37324380
|
| 035 |
|
|
|9 AJJ4685AM
|
| 040 |
|
|
|a HDB
|c HDB
|d UtOrBLW
|
| 043 |
|
|
|a n-us---
|
| 049 |
|
|
|a TXAI
|
| 090 |
|
|
|a JK1108
|b .M35 Suppl. 1982-83 reel 5, fr. 1021
|
| 099 |
|
|
|a film
|a S
|a 1707 1982-83, reel 5, fr. 1021.
|
| 100 |
1 |
|
|a Bowen, Alva M.
|
| 245 |
1 |
0 |
|a Aircraft carrier survivability :
|b the influence of size /
|c Alva M. Bowen.
|
| 264 |
|
1 |
|a [Washington, DC] :
|b Library of Congress, Congressional Research Service,
|c 1982.
|
| 300 |
|
|
|a 11 pages ;
|c 28 cm.
|
| 336 |
|
|
|a text
|b txt
|2 rdacontent
|
| 337 |
|
|
|a microform
|b h
|2 rdamedia
|
| 338 |
|
|
|a microfilm reel
|b hd
|2 rdacarrier
|
| 500 |
|
|
|a Cover title.
|
| 500 |
|
|
|a "Archived 02/04/83."
|
| 500 |
|
|
|a "Date updated 12/09/82."
|
| 500 |
|
|
|a "Issue brief number IB82084."
|
| 500 |
|
|
|a "Date originated 06/09/82."
|
| 500 |
|
|
|a "Foreign Affairs and National Defense Division."
|
| 533 |
|
|
|a Microfilm.
|b Arlington, VA :
|c University Publications of America,
|d 1983.
|e on 1 microfilm reel ; 35 mm. Low reduction.
|f (Major studies and issue briefs of the Congressional Research Service. 1982-83 supplement ; reel 5, fr. 1021).
|
| 500 |
|
|
|a Microform.
|
| 610 |
1 |
0 |
|a United States.
|b Navy.
|
| 650 |
|
0 |
|a Aircraft carriers
|z United States.
|
| 710 |
2 |
|
|a Library of Congress.
|b Congressional Research Service.
|
| 830 |
|
0 |
|a Major studies and issue briefs of the Congressional Research Service.
|p Supplement ;
|v 1982-83, reel 5, fr. 1021.
|
| 994 |
|
|
|a 92
|b TXA
|
| 999 |
|
|
|a MARS
|
| 999 |
f |
f |
|s f4efe253-bf5d-33ca-a2b7-49cfd6cc690c
|i 8d26025d-0708-3438-a9ab-1d8201494433
|t 0
|
| 952 |
f |
f |
|p default
|a Texas A&M University
|b College Station
|c Sterling C. Evans Library
|d Evans: Microforms (3rd floor)
|t 0
|e film S 1707 1982-83, reel 5, fr. 1021.
|h Other scheme
|i microform -- microfilm reel
|
| 998 |
f |
f |
|a film S 1707 1982-83, reel 5, fr. 1021.
|t 0
|l Evans: Microforms (3rd floor)
|